Christian education handbook / (Record no. 8887)

MARC details
000 -LEADER
fixed length control field 02369cam a2200349 a 4500
001 - CONTROL NUMBER
control field 32551525
003 - CONTROL NUMBER IDENTIFIER
control field OCoLC
005 - DATE AND TIME OF LATEST TRANSACTION
control field 20241126110700.0
008 - FIXED-LENGTH DATA ELEMENTS--GENERAL INFORMATION
fixed length control field 950505s1996 tnua bf 000 0 eng
010 ## -
-- 95009335
020 ## - INTERNATIONAL STANDARD BOOK NUMBER
International Standard Book Number 0805410600
Qualifying information (pb)
020 ## - INTERNATIONAL STANDARD BOOK NUMBER
International Standard Book Number 9780805410600
Qualifying information (pb)
035 ## - SYSTEM CONTROL NUMBER
System control number (OCoLC)32551525
040 ## - CATALOGING SOURCE
Original cataloging agency DLC
Language of cataloging eng
Transcribing agency DLC
Modifying agency CBC
-- OCL
-- OCLCQ
-- BAKER
-- BTCTA
-- YDXCP
-- LMR
-- OCLCO
-- OCLCF
-- OCLCQ
-- CIRBC
-- AKACC
-- OCL
-- CIRBC
050 00 -
-- BV1471.2
-- .C499 1996
082 00 - DEWEY DECIMAL CLASSIFICATION NUMBER
Classification number 268.1
Edition information 20
Item number CHR
092 0# - LOCALLY ASSIGNED DEWEY CALL NUMBER (OCLC)
Classification number 268.1
Item number C5552
245 00 - TITLE STATEMENT
Title Christian education handbook /
Statement of responsibility, etc. Bruce P. Powers, editor.
260 ## - PUBLICATION, DISTRIBUTION, ETC.
Place of publication, distribution, etc. Nashville, Tenn. :
Name of publisher, distributor, etc. Broadman & Holman Publishers,
Date of publication, distribution, etc. ℗♭1996.
300 ## - PHYSICAL DESCRIPTION
Extent vi, 314 pages :
Other physical details illustrations ;
Dimensions 23 cm
336 ## - CONTENT TYPE
Content type term text
Content type code txt
Source rdacontent
337 ## - MEDIA TYPE
Media type term unmediated
Media type code n
Source rdamedia
338 ## - CARRIER TYPE
Carrier type term volume
Carrier type code nc
Source rdacarrier
500 ## - GENERAL NOTE
General note "A revised and completely updated edition."
504 ## - BIBLIOGRAPHY, ETC. NOTE
Bibliography, etc. note Includes bibliographical references (pages 311-312).
505 00 - FORMATTED CONTENTS NOTE
Statement of responsibility Educational ministry of the Church /
-- Bruce P. Powers --
Title Christian education and theology /
Statement of responsibility Daniel Aleshire --
Title The Christian witness /
Statement of responsibility Bruce P. Powers --
Title How to plan and evaluate /
Statement of responsibility Bob I. Johnson --
Title How to organize and coordinate /
Statement of responsibility Bob I. Johnson --
Title How to staff and motivate /
Statement of responsibility Jerry M. Stubblefield --
Title Administering church educational organizations /
Statement of responsibility Bruce P. Powers --
Title Administering specialized educational activities /
Statement of responsibility Jerry M. Stubblefield --
Title Christian education and the small church /
Statement of responsibility Jerry M. Stubblefield --
Title Training teachers and leaders /
Statement of responsibility Edward A. Buchanan --
Title Guiding outreach and enlistment /
Statement of responsibility Bruce P. Powers --
Title Nurturing and teaching new Christians /
Statement of responsibility Edward A. Buchanan --
Title Renewing educational ministry /
Statement of responsibility James F. Hines --
Title Leadership in the small church /
Statement of responsibility Bob I. Johnson --
Title The role of the pastor in Christian education /
Statement of responsibility C. Ferris Jordan.
520 ## - SUMMARY, ETC.
Summary, etc. Explores the fundamentals of Christian educations and provides educators with day-by-day tools and lessons to teach church education programs. Offers tips on organization, training, and leadership skills and features more than 100 figures, graphs, and worksheets throughout.
650 #0 - SUBJECT ADDED ENTRY--TOPICAL TERM
Topical term or geographic name entry element Christian education
Form subdivision Handbooks, manuals, etc.
9 (RLIN) 15605
655 #7 - INDEX TERM--GENRE/FORM
Genre/form data or focus term Handbooks and manuals.
Source of term fast
Authority record control number or standard number (OCoLC)fst01423877
9 (RLIN) 11751
700 1# - ADDED ENTRY--PERSONAL NAME
Personal name Powers, Bruce P.
9 (RLIN) 15606
942 ## - ADDED ENTRY ELEMENTS (KOHA)
Source of classification or shelving scheme Dewey Decimal Classification
Koha item type Books
Koha issues (borrowed), all copies 11
Holdings
Withdrawn status Lost status Source of classification or shelving scheme Damaged status Not for loan Home library Current Library Shelving location Date acquired Total checkouts Total renewals Full call number Barcode Date last seen Date last checked out Copy number Price effective from Koha item type
    Dewey Decimal Classification     GRACE BIBLE COLLEGE GRACE BIBLE COLLEGE Ministry & Mission 2022-01-17 13 1 268.1 CHR 015378 2025-06-17 2025-05-08 c.1 2022-01-17 Books
© Grace Bible College Library 2025